000 00499nam a2200169 4500
008 151202b xxu||||| |||| 00| 0 eng d
020 _a9781285861982
082 _2c2016
_aDK12 658
_bD124
100 _9873
_aDaft, Richard L.
245 _aManagement/
_cRichard L.Daft
250 _aTwelfth edition.
260 _aAustralia:
_bCengage Learning,
_cc2016.
300 _axxix, 767 pages:
_billustrations;
_c28 cm.
500 _aIncludes appindix and Index.
650 0 _9875
_aManagement
942 _2ddc
_cBK
999 _c363
_d363